000 01669nam0a2200301 4500
001 RU\NLR\b_ik\172270
005 20250616230459.0
035 _a(NLR Aleph) 002244959
090 _a3609584
_c3609584
100 _a20080916d2008 |||y0rusy50 ca
101 0 _aeng
_drus
102 _aRU
105 _ay |||||||||
200 1 _aAnalysis of the matrix Riemann-Hilbert problems for the case of higher genus - asymptotics of polynomials orthogonal on a system of intervals
_fA.I. Aptekarev
210 _aМосква
_c[б.и.]
_d2008
215 _a23 c.
_d20
225 1 _aПрепринт
_fРос. акад. наук, Ин-т приклад. математики им. М.В. Келдыша
_vN 28
300 _aНа обороте тит. л.: Анализ матричных задач Римана-Гильберта в случае высокого рода - асимптотика многочленов ортогональных на системе интервалов / Аптекарев А.И.
300 _aРез. на рус. яз.
320 _aБиблиогр.: с. 22-23 (13 назв.)
517 0 _aАнализ матричных задач Римана-Гильберта в случае высокого рода - асимптотика многочленов ортогональных на системе интервалов
606 1 _aФункциональные уравнения
_xРимана-Гильберта задача
_92247103
_3RU\NLR\AUTH\661348051
686 1 _aВ161.922
700 1 _aAptekarev
_bA. I.
_gAleksandr Ivanovič
_4070
801 0 _aRU
_bNLR
_c20080916
_gRCR
942 _cBOOK
980 _aNB